| LEADER | 01177nam a2200241 i 4500 | ||
|---|---|---|---|
| 003 | GR-PaULI | ||
| 005 | 20250203121222.0 | ||
| 008 | 250203s2015 gr a|||g |||| 000 0 gre d | ||
| 020 | |a 9789608002760 | ||
| 040 | |a GR-PaULI |b gre |c GR-PaULI |e AACR2 | ||
| 082 | 0 | 4 | |2 23 |a 631.62 |
| 100 | 1 | |a Πουλοβασίλης, Αλέξανδρος Απ. |9 207824 |e συγγραφέας. | |
| 245 | 1 | 0 | |a Υδρολογία γεωργικών εδαφών, στραγγίσεις / |c Αλέξανδρος Πουλοβασίλης. |
| 260 | |a Αιγάλεω : |b Έμβρυο, |c c2015. | ||
| 300 | |a 896 σ. : |b εικ. ; |c 25 εκ. | ||
| 504 | |a Περιλαμβάνει βιβλιογραφία. | ||
| 650 | 4 | |a Στράγγιση |9 204981 | |
| 650 | 4 | |a Ύδρευση |9 346 | |
| 942 | |2 ddc |c BK | ||
| 952 | |0 0 |1 0 |2 ddc |4 0 |6 631_620000000000000_ΠΟΥ |7 0 |9 386966 |a MSLG |b MSLG |c EUD |d 2025-02-03 |i 30506 |l 0 |o 631.62 ΠΟΥ |p 92420030506 |r 2025-02-03 12:14:09 |t 1 |w 2025-02-03 |y BK15 | ||
| 952 | |0 0 |1 0 |2 ddc |4 0 |6 631_620000000000000_ΠΟΥ |7 0 |9 386967 |a MSLG |b MSLG |c EUD |d 2025-02-03 |i 30507 |l 0 |o 631.62 ΠΟΥ |p 992420030507 |r 2025-02-03 12:14:40 |t 2 |w 2025-02-03 |y BK15 | ||
| 998 | |c ΒΑΣΙΛΕΙΟΥ |d 2025-01 | ||
| 999 | |c 224619 |d 224619 | ||